MDQL
is popping MORE tags! Check the
thread
!
Quizzes
Events
Quiz Creation
Community
Videos
Private Events
Remove Ads
Sign In
Join for FREE
Feedback
Dark Mode
Quiz Categories
Sports
Geography
Music
Movies
Television
Just For Fun
Miscellaneous
History
Literature
Language
Science
Gaming
Entertainment
Religion
Holiday
For Kids
Quiz Lab
Recent
Popular Today
Quiz Kudos Today
Editor Picks
Curator Picks
Quizzes by...
Day
Popularity
Type
Ratings
Length
Year
Community
Subscriptions
Recent Discussions
Orange Saloon
Badges
Playlists
Quests
Create
Leaderboards
Showdown
Live 5
Trivia Bingo
Activity
Puzzle Library
Sporcle Events
Private Events
Virtual Trivia
Globe League
Become a Host
Pub Owners
SporcleCon
Opinionation
Our Games
Videos
Blog
Mobile Apps
Partnerships
Remove Ads and Go Orange
Feedback
Literature
Harry Potter
A Song of Ice and Fire
The Hunger Games
Literary Character
Shakespeare
Book
Author
Novel
Poem
Young Adult
Children's Books
Play
Lord of the Rings
Literature
Harry Potter
A Song of Ice and Fire
The Hunger Games
Literary Character
Shakespeare
Book
Author
Novel
Poem
Young Adult
Children's Books
Play
Lord of the Rings
Random Quiz
Search Sporcle
×
Quiz Lab
Quiz Lab
Literature
Clickable
Select answers by clicking on text or image buttons
Select answers by clicking on text or image buttons
Clickable
Best Score? Go Orange.
Warriors Order of Birth Stats
Can you pick the warriors cats by their birth, first to last
By
kesodop
3m
22 Questions
2,218 Plays
2,218 Plays
2,218 Plays
Comments
Comments
Give Quiz Kudos
Give Quiz Kudos
-
- Ratings
hide this ad
Forced Order
Answers have to be entered in order
Answers have to be entered in order
Random Order
Randomize order of answers
Randomize order of answers
Replay
Link that replays current quiz
Next Quiz
Link to next quiz in quiz playlist
You Got
0%
They Got
Avg Score
34%
Avg Friend Score
Upgrade to see
Score Distribution
Jump to the score distribution portion of the page
Score
0/22
Timer
03:00
0
Plays Today
% Correct
Tallstar
75.8%
Crookedstar
67.8%
Bluestar
66.9%
Yellowfang
66.5%
Lionheart
46.2%
Tigerstar
41.8%
Brokenstar
37.2%
Spottedleaf
35%
Mousefur
32.2%
Firestar
30.8%
Mistystar
30%
% Correct
Dovewing
27%
Cinderpelt
22.9%
Cloudtail
21.7%
Jayfeather
21.7%
Squirrelflight
20.5%
Bramblestar
19.8%
Tigerheart
19.4%
Ashfur
17.9%
Crowfeather
16.5%
Hawkfrost
16.3%
Cinderheart
15.8%
Quiz Playlist
Details
Report
Send in Message
Add To Playlist
Clickable:
Select answers by clicking on text or image buttons
Forced Order:
Answers have to be entered in order
Random Order:
Randomize order of answers
Last Updated: Feb 16, 2017
Quiz Scoreboard
CHALLENGE
Sign Up to Join the Scoreboard
Show All
Scores
Hide
Comments
May contain spoilers
Recently Published
Image Sorting: Flags VI
by Barbecue
Geography
2m
Find the 'City' Movie
by crazypaving
Movies
60s
Colored Red Africa Blitz
by spor1
Geography
45s
More to Explore
Quiz From the Vault
Featured Blog Post
14 Easter Pick-up Lines to Find Eggs With
hide this ad
You Might Also Like...
Tags
Clickable Quiz
birth
Erin Hunter
Order
Warrior Cats
Warriors Books
Warriors Characters
Today's Top Quizzes in Literature
Browse Literature
hide this ad
Today's Top Quizzes in Clickable
Browse Clickable
Top Contributed Quizzes in Literature
1
Sneaky Slytherin Logic Puzzle
2
Harry Potter logic puzzle: The Hogwarts Soap Opera
3
Get The Picture: Black or White Literature
4
Harry Potter Slytherin Logic Puzzle
5
'Middle' Earth
6
ASOIAF Siblings Logic Puzzle
7
Logic Puzzle: Avoid Dumbledore's Army
8
A Song of Ice and Fire Logic Puzzle
9
Harry Potter Logic Puzzle 1
10
Quick Pick: Easter in Book Titles
Explore More
Trending Topics
NBA
Crossword
Kpop
Marvel
Anime
Harry Potter
Disney
Country
Puzzle
Soccer
The Office
Pokémon
WWE
Song
NFL
hide this ad
More By:
kesodop
Quiz
Plays
Rating
Category
Featured
Created
NBA Multiple-Team States
84,794
3.85
Sports
May 22, 2013
NHL Multiple Team States/Provinces
60,860
4.45
Sports
May 22, 2013
Warriors Sorting Blitz
29,252
4.50
Literature
Jun 23, 2014
Warriors Medicine Cats
14,030
4.00
Literature
Jul 15, 2014
Warriors Mates
8,607
3.00
Literature
Nov 4, 2013
Go to Creator's Profile
Score Distribution
Quiz Creator Spotlight
kesodop
Follow
Send a Message
Quizzes Created
-
Created Quiz Play Count
-
More By This Creator
Popular Quizzes Today
1
Colored Red Africa Blitz
2
Find the US States - No Outlines Minefield
3
Find the 'City' Movie
4
5x2 Blitz: Bands
5
The Countries of the World
6
Find the US States
7
Find the Countries of Europe - No Outlines Minefield
8
US States
More Literature Quizzes
Multiple Choice Literary Animals
Published
Trending Quizzes
Colored Red Europe Blitz I
Colored Red Europe Blitz II
Colored Red Africa Blitz II
Colored Red Europe Blitz III
Colored Red Africa Blitz III
Recently Updated
How Do You Spell That?
pecheneg
Godzilla Movies
pecheneg
Grab Bag: 4-10 Letters
pecheneg
2024 March Madness Bracket
pecheneg
Famous TV Couples
Peacemaker
Champions League XIs: Real Madrid
pecheneg
Largest US Cities 1790-2010
pecheneg
Rides in Walt Disney World
pecheneg
Most Oscar Losses (Acting)
pecheneg
Beyoncé Albums
pecheneg
Trending Topics
Marvel
Anime
NBA
Disney
Kpop
Harry Potter
Crossword
Soccer
Pokémon
The Office
NFL
Country
WWE
Puzzle
Song
Your Account Isn't Verified!
In order to create a playlist on Sporcle, you need to verify the email address you used during registration. Go to your
Sporcle Settings
to finish the process.
Report this User
Report this user for behavior that violates our
Community Guidelines
.
Details:
Send Report
Go to the Sporcle.com Mobile Site →
Comments